Public management: the need for ambiguity tolerance and moral engagement (Record no. 56646)

000 -LEADER
fixed length control field 01667pab a2200157 454500
008 - FIXED-LENGTH DATA ELEMENTS--GENERAL INFORMATION
fixed length control field 180718b2003 xxu||||| |||| 00| 0 eng d
100 ## - MAIN ENTRY--PERSONAL NAME
Personal name Nelissen, Nico
245 ## - TITLE STATEMENT
Title Public management: the need for ambiguity tolerance and moral engagement
260 ## - PUBLICATION, DISTRIBUTION, ETC.
Date of publication, distribution, etc. 2003
300 ## - PHYSICAL DESCRIPTION
Extent p.19-34.
520 ## - SUMMARY, ETC.
Summary, etc. This article starts by presenting a bird's eye perspective on the history of ideas about public management (Section I). Several stages in the intellectual history of public management are distinguished. After the big picture of the evolution of thinking about public management attention is given to societal developments, as perceived by public managers (Section 2). Top civil servants in The Netherlands were asked to mention societal developments that they believe to be of crucial importance for the future of public management. High-ranking issues were "receding government", business-like government", and "declining trust in government." Confronted with these intractable challenges, how can public managers be served by the approaches available in public management thinking? The authors argue that the issue is not to choose one approach and dump the others (Section 3). Instead, they conceive of the public manager as a simultaneous chess player who has to balance competing values all the time. As a guide to action for the public manager the authors stress the importance of (a) developing the intrapersonal skill of ambiguity tolerance; and (b) strengthening a moral commitment to public values. - Reproduced.
650 ## - SUBJECT ADDED ENTRY--TOPICAL TERM
Topical term or geographic name entry element Public administration
700 ## - ADDED ENTRY--PERSONAL NAME
Personal name Goede, Peter de
773 ## - HOST ITEM ENTRY
Main entry heading International Journal of Public Administration
909 ## -
-- 56646
Holdings
Withdrawn status Lost status Damaged status Not for loan Permanent Location Current Location Date acquired Serial Enumeration / chronology Barcode Date last seen Price effective from Koha item type
        Indian Institute of Public Administration Indian Institute of Public Administration 2018-07-19 Volume no: 26, Issue no: 1 AR57091 2018-07-19 2018-07-19 Articles

Powered by Koha